My four years in Germany (Record no. 553374)
[ view plain ]
| 000 -LEADER | |
|---|---|
| fixed length control field | 00672cam a2200169K 4500 |
| 082 04 - DEWEY DECIMAL CLASSIFICATION NUMBER | |
| Classification number | 943 |
| Author Mark | GER |
| 100 1# - MAIN ENTRY--PERSONAL NAME | |
| Personal name | Gerard, James Watson, |
| 9 (RLIN) | 50620 |
| 245 10 - TITLE STATEMENT | |
| Title | My four years in Germany |
| Statement of responsibility, etc. | by James W. Gerard, late ambassador to the German imperial court ... |
| 260 ## - PUBLICATION, DISTRIBUTION, ETC. | |
| Place of publication, distribution, etc. | London, |
| -- | New York [etc.] |
| Name of publisher, distributor, etc. | Hodder and Stoughton, |
| Date of publication, distribution, etc. | 1917. |
| 300 ## - PHYSICAL DESCRIPTION | |
| Extent | 1 online resource (xiv p., 1 l., 320 p.) |
| Other physical details | plates, facsims. (1 fold.) |
| 500 ## - GENERAL NOTE | |
| General note | Facsimiles also on lining-papers. |
| 526 ## - STUDY PROGRAM INFORMATION NOTE | |
| Program name | 0 |
| Interest level | 0 |
| Reading level | 0 |
| Title point value | 943_000000000000000_GER |
| 650 #0 - SUBJECT ADDED ENTRY--TOPICAL TERM | |
| Topical term or geographic name entry element | MCE |
| 9 (RLIN) | 379 |
| 650 #0 - SUBJECT ADDED ENTRY--TOPICAL TERM | |
| Topical term or geographic name entry element | World War, 1914-1918 |
| Geographic subdivision | Germany. |
| 9 (RLIN) | 49428 |
| 856 40 - ELECTRONIC LOCATION AND ACCESS | |
| Uniform Resource Identifier | <a href="http://catalog.hathitrust.org/api/volumes/oclc/3283092.html">http://catalog.hathitrust.org/api/volumes/oclc/3283092.html</a> |
| 942 ## - ADDED ENTRY ELEMENTS (KOHA) | |
| Source of classification or shelving scheme | |
| Koha item type | Book |
| Withdrawn status | Lost status | Source of classification or shelving scheme | Damaged status | Not for loan | Permanent Location | Current Location | Shelving location | Date acquired | Total Checkouts | Full call number | Barcode | Date last seen | Price effective from | Koha item type |
|---|---|---|---|---|---|---|---|---|---|---|---|---|---|---|
| Military College of Engineering (MCE) | Military College of Engineering (MCE) | 02/09/2015 | 943 GER | MCE-ECM/112 | 02/09/2015 | 02/09/2015 | Book |
